|
|
|
|
| LEADER |
01049nam a2200289 a 4500 |
| 001 |
17561 |
| 003 |
BD-DhAAL |
| 005 |
20140507111956.0 |
| 008 |
140507s1986 nyu b 001 0 eng d |
| 010 |
|
|
|a 86042619
|
| 020 |
|
|
|a 0394722612 (pbk.)
|
| 040 |
|
|
|a DLC
|c DLC
|d DLC
|d BD-DhAAL
|
| 050 |
0 |
0 |
|a HQ1154
|b .W46 1986
|
| 082 |
0 |
0 |
|a 305.4/2
|2 19
|
| 245 |
0 |
0 |
|a What is feminism? /
|c [by Nancy Cott ... et al.] ; edited by Juliet Mitchell & Ann Oakley.
|
| 250 |
|
|
|a 1st American ed.
|
| 260 |
|
|
|a New York :
|b Pantheon Books,
|c c1986.
|
| 300 |
|
|
|a viii, 241 p. ;
|c 21 cm.
|
| 504 |
|
|
|a Includes bibliographies and index.
|
| 541 |
|
|
|e 17561
|
| 650 |
|
0 |
|a Feminism.
|9 4399
|
| 700 |
1 |
|
|a Cott, Nancy F.
|9 4400
|
| 700 |
1 |
|
|a Mitchell, Juliet,
|d 1940-
|9 4401
|
| 700 |
1 |
|
|a Oakley, Ann.
|9 4402
|
| 942 |
|
|
|2 ddc
|c BK
|
| 999 |
|
|
|c 14321
|d 14321
|
| 952 |
|
|
|0 0
|1 0
|2 ddc
|4 0
|6 305_420000000000000_WHA
|7 0
|9 24286
|a BRACUL
|b BRACUL
|c GEN
|d 2014-05-07
|l 3
|m 11
|o 305.42 WHA
|p 3010017561
|r 2026-03-03
|s 2026-03-01
|t 1
|w 2014-05-07
|y BK
|x Transferred from ENH to Ayesha Abed library on 20/12/2023
|